| 000 | 01212cam a22003257i 4500 | ||
|---|---|---|---|
| 001 | 18750807 | ||
| 003 | NUST | ||
| 005 | 20220720093628.0 | ||
| 008 | 150819s2016 maua b 001 0 eng d | ||
| 010 | _a 2015458056 | ||
| 020 | _a978-96-7349836-9 | ||
| 035 | _a(OCoLC)ocn907941065 | ||
| 040 |
_aYDXCP _beng _erda _cYDXCP _dOCLCQ _dHF9 _dOCLCO _dCDX _dUAB _dDLC |
||
| 042 | _alccopycat | ||
| 050 | 0 | 0 |
_aQA76.758 _b.S657 2016 |
| 082 | 0 | 4 |
_a005.1, SOM _223 |
| 100 | 1 |
_aSommerville, Ian, _d1951- _917955 |
|
| 245 | 1 | 0 |
_aSoftware engineering / _cIan Sommerville. |
| 250 | _aTenth edition. | ||
| 264 | 1 |
_aBoston : _bPearson, _c[2016] |
|
| 300 |
_axiv, 796 pages : _billustrations ; _c24 cm |
||
| 336 |
_atext _btxt _2rdacontent |
||
| 337 |
_aunmediated _bn _2rdamedia |
||
| 338 |
_avolume _bnc _2rdacarrier |
||
| 505 | 0 | _aPart I- Introduction to software engineering (Page-15), Part II- System dependability and security (Page-283), Part III- Advanced software engineering (Page-435), Part IV- Software management (Page-639). | |
| 650 | 0 |
_aSoftware engineering. _92256 |
|
| 906 |
_a7 _bcbc _ccopycat _d3 _encip _f20 _gy-gencatlg |
||
| 942 |
_2ddc _cBK |
||
| 999 |
_c590369 _d590369 |
||